Coins and their cities : architecture on the ancient coins of Greece, Rome, and Palestine /

محفوظ في:

المؤلف الرئيسي: Price, Martin, 1939-1995 (مؤلف)

مؤلفون آخرون: Trell, Bluma L., 1903-

التنسيق: كتاب

اللغة: English

منشور في: London : Vecchi, 1977.

الموضوعات:

الوسوم: إضافة وسم

لا توجد وسوم, كن أول من يضع وسما على هذه التسجيلة!

رقم الطلب: CJ161 .A72 P74 1977

LEADER 00940namaa2200289 4500
001 22086
003 OSt
005 20251105102301.0
008 130303s1977 enka b 001 0 eng d
010 |a 78321015 
020 |a 0814315860 
040 |c ARCE Library 
050 4 |a CJ161 .A72 P74 1977 
100 1 |a Price, Martin,  |d 1939-1995,  |e author 
245 1 0 |a Coins and their cities :  |b architecture on the ancient coins of Greece, Rome, and Palestine /  |c by Martin Jessop Price and Bluma L. Trell. 
264 1 |a London :   |b Vecchi,   |c 1977. 
300 |a 298 pages, [1] folded leaf :  |b illustrations ;  |c 25 cm. 
504 |a Includes bibliographical references (pages 229-238) and index. 
555 |a Sara.lib 
650 0 |a Architecture in numismatics. 
650 0 |a Coins, Greek. 
650 0 |a Coins, Roman. 
650 0 |a Jewish coins. 
700 1 |a Trell, Bluma L.,  |d 1903-  |9 41253 
901 |a reviewed 
942 |c BK  |2 lcc 
999 |c 20690  |d 20690